| 000 -LEADER |
| fixed length control field |
00298nam a2200121Ia 4500 |
| 008 - FIXED-LENGTH DATA ELEMENTS--GENERAL INFORMATION |
| fixed length control field |
200103s9999||||xx |||||||||||||| ||und|| |
| 082 ## - DEWEY DECIMAL CLASSIFICATION NUMBER |
| Classification number |
Column-50 |
| 100 ## - MAIN ENTRY--PERSONAL NAME |
| Personal name |
Clifford, Martin |
| 245 #0 - TITLE STATEMENT |
| Title |
Electronics Data Handbook |
| 260 ## - PUBLICATION, DISTRIBUTION, ETC. (IMPRINT) |
| Name of publisher, distributor, etc |
Iliffe Books Ltd., London |
| Date of publication, distribution, etc |
1964 |
| 942 ## - ADDED ENTRY ELEMENTS (KOHA) |
| Item type |
Books |